000 00934cam a2200253 4500
001 ABS65153
008 020311n2002 000 0 eng u
035 _a(Sirsi) u117087
100 _aSmith, D.
245 _aRisk assessment of dangerous structures
260 _c2002
490 _aBuilding Engineer
_vMarch 2002, 30-32(3)
520 _aPresents a method of assessing dangerous structures. Discusses the different aspects of risk assessment, including the Building Act 1984 ss77 and 78. Describes system guidance on the probability of a particular event occuring and the consequnces of this happening. Includes risk assessments charts.
590 _aABS
650 _aSTRUCTURES
650 _aRISK ASSESSMENT
650 _aBUILDING ACT 1984 SS77 AND 78
650 _aBUILDING ACT 1984
650 _aSTRUCTURAL SURVEY
650 _aBRE
650 _aPROBABILITY
690 _aHEALTH AND SAFETY
_96244
942 _n0
999 _c69755
_d69755